000
00336nam a2200145 4500
008
190524s1969||||CZ d
100
1
_a
Šamanek Soukup
_9
1153
245
1
0
_a
Stavební výkresy pozemních staveb
260
_b
SNTL
_a
Praha
_c
1969
250
_a
1.vydanie
020
_c
0
041
1
_a
cze
044
_a
CZ
958
_a
AUL
999
_c
22456
_d
22456